[Event "SVK-ch op 18th corr"]
[Site "Slovakia"]
[Date "2005.??.??"]
[Round "?"]
[White "Klein, Jozef Sr"]
[Black "Torok, Karol"]
[Result "0-1"]
[WhiteElo "1703"]
[BlackElo "1700"]
[PlyCount "52"]
[EventDate "2005.11.15"]
[EventType "tourn (corr)"]
[EventRounds "6"]
[EventCountry "SVK"]
[SourceTitle "Corr 2008"]
[Source "ChessBase"]
[SourceDate "2008.06.24"]
[SourceVersion "1"]
[SourceVersionDate "2008.06.24"]
[SourceQuality "1"]

1. e4 e5 2. d3 Nc6 3. c3 Nf6 4. Be2 d5 5. Nf3 dxe4 6. dxe4 Qxd1+ 7. Bxd1 Nxe4 8. Ba4 f6 9. Be3 Bc5 10. Bxc6+ bxc6 11. Nbd2 Bxe3 12. fxe3 Nc5 13. 0-0-0 Nd3+ 14. Kc2 Nf2 15. g3 Bh3 16. Rhe1 Nxd1 17. Rxd1 0-0-0 18. b4 c5 19. b5 Rd6 20. c4 Rhd8 21. Rc1 e4 22. Ng1 Rxd2+ 23. Kb3 Bg4 24. Rc3 Bd1+ 25. Ka3 Rg2 26. Rc1 Rd3+ 0-1

[Event "SVK-ch op 18th corr"]
[Site "Slovakia"]
[Date "2005.??.??"]
[Round "?"]
[White "Torok, Karol"]
[Black "Plancar, Lubomir"]
[Result "1-0"]
[WhiteElo "1700"]
[BlackElo "1700"]
[PlyCount "75"]
[EventDate "2005.11.15"]
[EventType "tourn (corr)"]
[EventRounds "6"]
[EventCountry "SVK"]
[SourceTitle "Corr 2008"]
[Source "ChessBase"]
[SourceDate "2008.06.24"]
[SourceVersion "1"]
[SourceVersionDate "2008.06.24"]
[SourceQuality "1"]

1. e4 c5 2. d4 cxd4 3. c3 dxc3 4. Nxc3 Nc6 5. Nf3 e6 6. Bc4 Nf6 7. Qe2 Qc7 8. e5 d5 9. exf6 dxc4 10. Bg5 Nb4 11. 0-0 Bd7 12. Rfd1 h6 13. Bh4 Nd3 14. Bg3 Qa5 15. Ne4 g5 16. b3 Nf4 17. Bxf4 gxf4 18. Nfd2 cxb3 19. Nc4 Qc7 20. axb3 Bc6 21. Ned6+ Bxd6 22. Nxd6+ Kf8 23. Qh5 Bd5 24. Qe5 Rg8 25. Rxd5 Rg5 26. Qe4 exd5 27. Qh7 Qxd6 28. Qxh6+ Ke8 29. Qxg5 Kd7 30. Re1 Kc6 31. h4 Kb6 32. Qg7 d4 33. Qxf7 Rf8 34. Qg7 d3 35. f7 d2 36. Rd1 Rd8 37. h5 Qe7 38. Kf1 1-0

[Event "SVK-ch op 17th corr"]
[Site "Slovakia"]
[Date "2005.??.??"]
[Round "?"]
[White "Torok, Karol"]
[Black "Solar, Jan"]
[Result "1-0"]
[WhiteElo "1700"]
[BlackElo "1700"]
[PlyCount "99"]
[EventDate "2005.09.15"]
[EventType "tourn (corr)"]
[EventRounds "6"]
[EventCountry "SVK"]
[SourceTitle "Corr 2008"]
[Source "ChessBase"]
[SourceDate "2008.06.24"]
[SourceVersion "1"]
[SourceVersionDate "2008.06.24"]
[SourceQuality "1"]

1. e4 c6 2. d4 d5 3. Nd2 dxe4 4. Nxe4 Bf5 5. Ng3 Bg6 6. h4 h6 7. Nf3 Nd7 8. h5 Bh7 9. Bd3 Bxd3 10. Qxd3 Ngf6 11. Bf4 e6 12. 0-0-0 Nd5 13. Be5 Qa5 14. Kb1 0-0-0 15. Ne4 Rg8 16. Qe2 N5f6 17. Ned2 Nd5 18. c4 N5f6 19. Nb3 Qa6 20. Bg3 Be7 21. Bh4 Nd5 22. Bxe7 Nxe7 23. Ne5 Nxe5 24. dxe5 Qb6 25. Qf3 Rxd1+ 26. Rxd1 Rd8 27. Rxd8+ Qxd8 28. a3 Nf5 29. Ka2 f6 30. Qe4 fxe5 31. g4 Nd6 32. Qxe5 Qe7 33. c5 Nb5 34. f4 Nc7 35. g5 Qf8 36. g6 Kd8 37. Nd4 Qe7 38. b4 Qd7 39. Kb2 Kc8 40. a4 Nd5 41. b5 Nf6 42. Kc3 Qd5 43. Qxe6+ Qxe6 44. Nxe6 Nxh5 45. Kd4 Kd7 46. Ke5 Ke7 47. Nd4 cxb5 48. Nf5+ Kf8 49. axb5 Nf6 50. Ke6 1-0